000 00585nam a2200193Ia 4500
005 20250508161635.0
008 008 250505s9999 xx 000 0 eng d
037 _aTextual
040 _aFEDL
_beng
_cFEDL
041 _aeng
_2eng
084 _a301.35, RAP
_qFEDL
100 _aRaper Arthur F.
_9342133
245 0 _aRural development in action : The comprehensive experiment at comilla east Pakistan
260 _aIthaca
_bCornell University Press
_c1970
300 _axx,351p.
650 _aSociology
942 _cTEXL
_h301.35, RAP
999 _c1371280
_d1371280